| LEADER |
01370nam0a2200217 450 |
| 001 |
16868238 |
| 010 |
|
|
|a 978-2-258-20351-8
|b br.
|d 20,9
|
| 100 |
|
|
|a 20241023d2025 u u0frey01 ba
|
| 101 |
1 |
|
|a fre
|c fre
|
| 102 |
|
|
|a FR
|
| 200 |
0 |
|
|a Bal à Versailles
|f Danielle Steel
|g traduit de l'anglais (Etats-Unis) par Alice Fombois
|
| 207 |
|
1 |
|a
|
| 215 |
|
|
|a 1 vol. (324 p.)
|d 23 x 14 cm
|
| 330 |
|
|
|a La magie de Versailles n`est peut-être pas là où on l`attend...En ce mois de juillet 1958, le château de Versailles est en pleine effervescence. Dans quelques jours aura lieu le très attendu bal des débutantes. Du crépuscule jusqu`à l`aube, près de trois cents jeunes filles issues de l`aristocratie française ou de riches familles américaines feront leur entrée dans le beau monde. Parmi elles, la jolie Amelia, la brillante Felicity, la courageuse Samantha et la délicate Caroline.Loin d`accepter docilement leur sort, les quatre jeunes femmes, bientôt amies, décident de profiter de cette soirée exceptionnelle pour s`émanciper et prendre leur destin en main.
|
| 610 |
0 |
|
|a Romance contemporaine
|
| 676 |
|
|
|a 813
|
| 700 |
|
0 |
|a Steel
|b Danielle
|c Auteur du texte
|f 1947-....
|4 70
|
| 702 |
|
0 |
|a Fombois
|b Alice
|4 730
|
| 900 |
|
|
|a Roman
|
| 901 |
|
|
|a Adultes
|
| 995 |
|
|
|a Médiathèque
|c Médiathèque
|f 00156009952540
|h 00156009952540
|k R STE
|o p
|q a
|r az
|e Médiathèque
|